000 01508nam a2200349 i 4500
001 768714001
003 CO-MdFUSB
005 20260408124612.0
007 ta
008 240909t1997 sp ||||| |||| 001 0 spa d
020 _a84-816-9231-X
040 _bspa.
_aCO-MdFUSB
_cCO-MdFUSB
_dCO-MdFUSBC
_erda
041 _aspa
082 _223
_a222.3507
_bV699
100 _aVílchez Líndez, José,
_eautor
245 1 _aNarraciones II :
_bRut y Ester
_c/ José Vílchez Líndez
264 1 _aNavarra, España :
_bVerbo Divino,
_c[1997]
264 4 _c©1997
300 _a418 páginas
_c; 24 cm.
336 _2rdacontent
_atexto
_btxt
337 _2rdamedia
_asin mediación
_bn
338 _2rdacarrier
_avolumen
_bnc
490 _aNueva Biblia Española
500 _aIncluye índice temático
501 _aObra de estudio bíblico que analiza los libros de Rut y Ester desde una perspectiva literaria, histórica y teológica. Incluye:
505 _aLibro de Rut: Canonicidad, estructura y composición. -- Análisis literario y exegético por secciones. -- Estudio del texto hebreo y versiones antiguas. -- Libro de Ester: Versiones hebrea y griega. -- Autoría, género literario y finalidad. -- Estudio detallado por capítulos y adiciones (A–F). -- Contexto histórico y teológico.
563 _aPasta dura
630 0 7 _aBiblia.
_pRut
_xCrítica, interpretación, etc.
630 0 7 _aBiblia.
_pEster
_xCrítica, interpretación, etc.
942 _cBK
945 _aCatherine Arias Alvarez
999 _c70900
_d70900